Logo BPK

Biblioteka

Politechniki Koszalińskiej

Metody fizyczne w chemii / (Rekord nr 7353)

Szczegóły MARC
000 -ETYKIETA REKORDU
podpole kontrolne o stałej długości 00378nam a2200157 i 4500
001 - NUMER KONTROLNY REKORDU
pole kontrolne bg
040 ## - ŹRÓDŁO KATALOGOWANIA
Instytucja, która utworzyła rekord BPK
041 ## - KOD JĘZYKA
Kod języka tekstu pol
080 ## - UNIWERSALNA KLASYFIKACJA DZIESIĘTNA - UKD
UKD 547:543.5
008 - POLE O STAŁEJ DŁUGOŚCI - DANE KONTROLNE
podpole kontrolne o stałej długości s pl f |000 0 pol
100 1# - NAZWA OSOBOWA
Nazwa osobowa BUCHOWSKI, Henryk
245 #0 - TYTUŁ/ODPOWIEDZIALNOŚĆ
Tytuł Metody fizyczne w chemii /
Pozostałe elementy strefy tytułu i oznaczenia odpowiedzialności Henryk Buchowski, Lech Skulski.
260 ## - STREFA ADRESU WYDAWNICZEGO
Miejsce wydania Łódź,
Data publikacji, dystrybucji/powstania dokumentu 1971.
700 1# - HASŁO DODATKOWE - NAZWA OSOBOWA
Nazwa osobowa SKULSKI, Lech
856 ## - LOKALIZACJA I DOSTĘP DO ELEKTRONICZNYCH DOKUMENTÓW ZDALNYCH
Link (URL) http://koha.tu.koszalin.pl/cgi-bin/koha/opac-detail.pl?biblionumber=7353
Tekst linku Katalog online BPK
942 ## - DODATKOWE ELEMENTY (KOHA)
Typ dokumentu Książka
Egzemplarze
Wycofany Status egzemplarza Uszkodzony Dostępność Lokalizacja stała Lokalizacja bieżąca Miejsce przechowywania Sygnatura Kod kreskowy Typ dokumentu
      Dostępny Biblioteka Politechniki Koszalińskiej Biblioteka Politechniki Koszalińskiej Wypożyczalnia BG P 3214 01827750 Książka
      Dostępny Biblioteka Politechniki Koszalińskiej Biblioteka Politechniki Koszalińskiej Wypożyczalnia BG P 3392 01827002 Książka
© 2023 Biblioteka Politechniki Koszalińskiej :: KOHA